Electronic materials and processes handbook / (Record no. 164210)

MARC details
000 -LEADER
fixed length control field 01930cam a2200361 a 4500
001 - CONTROL NUMBER
control field ocm29314897
003 - CONTROL NUMBER IDENTIFIER
control field 0
005 - DATE AND TIME OF LATEST TRANSACTION
control field 20230123134335.0
008 - FIXED-LENGTH DATA ELEMENTS--GENERAL INFORMATION
fixed length control field 931021s1994 nyua bf 001 0 eng
010 ## - LIBRARY OF CONGRESS CONTROL NUMBER
LC control number 93041644
020 ## - INTERNATIONAL STANDARD BOOK NUMBER
International Standard Book Number 0070542996 (acid-free paper) :
Terms of availability $79.50
035 ## - SYSTEM CONTROL NUMBER
-- H130
040 ## - CATALOGING SOURCE
Original cataloging agency DLC
Transcribing agency NUST
Modifying agency GZM
-- EYD
-- OCL
049 ## - LOCAL HOLDINGS (OCLC)
Holding library MAIN
090 ## - LOCALLY ASSIGNED LC-TYPE CALL NUMBER (OCLC); LOCAL CALL NUMBER (RLIN)
Classification number (OCLC) (R) ; Classification number, CALL (RLIN) (NR) TK7836
245 00 - TITLE STATEMENT
Title Electronic materials and processes handbook /
Statement of responsibility, etc. [editors], Charles A. Harper, Ronald N. Sampson.
250 ## - EDITION STATEMENT
Edition statement 2nd ed.
260 ## - PUBLICATION, DISTRIBUTION, ETC.
Place of publication, distribution, etc. New York :
Name of publisher, distributor, etc. McGraw-Hill,
Date of publication, distribution, etc. c1994.
300 ## - PHYSICAL DESCRIPTION
Extent 1 v. (various pagings) :
Other physical details ill. ;
Dimensions 24 cm.
440 #0 - SERIES STATEMENT/ADDED ENTRY--TITLE
Title Electronic packaging and interconnection series
500 ## - GENERAL NOTE
General note Cover title: Electronic materials & processes handbook.
504 ## - BIBLIOGRAPHY, ETC. NOTE
Bibliography, etc. note Includes bibliographical references and index.
505 0# - FORMATTED CONTENTS NOTE
Formatted contents note Plastics, elastomers, and processing for electronics / William M. Alvino -- Printed-wiring boards / Victor J. Brzozowski and Carl T. Brooks -- Ceramics, glasses, and diamonds / Douglas M. Mattox -- Semiconductor materials / R. Noel Thomas and Albert A. Burk, Jr. -- Metals / Don E. Harrison and John D. Harrison -- Wire and cable / Edward J. Croop -- Metals joining of electronic circuitry / James F. Maguire -- Thin and thick films / James J. Licari -- Electrodeposition: materials and processes / Donald Baudrand -- Lithography and photofabrication / Jurgen Diekmann -- Advanced electronic packaging, materials, and processes / Stephen G. Konsowski.
650 #0 - SUBJECT ADDED ENTRY--TOPICAL TERM
Topical term or geographic name entry element Electronics
General subdivision Materials
Form subdivision Handbooks, manuals, etc.
650 #0 - SUBJECT ADDED ENTRY--TOPICAL TERM
Topical term or geographic name entry element Manufacturing processes
Form subdivision Handbooks, manuals, etc.
650 #0 - SUBJECT ADDED ENTRY--TOPICAL TERM
Topical term or geographic name entry element Electronic apparatus and appliances
General subdivision Materials
Form subdivision Handbooks, manuals, etc.
700 1# - ADDED ENTRY--PERSONAL NAME
Personal name Harper, Charles A.
700 1# - ADDED ENTRY--PERSONAL NAME
Personal name Sampson, Ronald N.
740 01 - ADDED ENTRY--UNCONTROLLED RELATED/ANALYTICAL TITLE
Uncontrolled related/analytical title Electronic materials & processes handbook.
907 ## - LOCAL DATA ELEMENT G, LDG (RLIN)
a .b1007143x
b 22-01-07
c 17-04-03
994 ## -
-- 92
-- ZNA
942 ## - ADDED ENTRY ELEMENTS (KOHA)
Koha item type Ordinary Loan Books
Call number prefix TK7836
Holdings
Date last seen Total Checkouts Full call number Barcode Cost, replacement price Price effective from Koha item type Lost status Source of classification or shelving scheme Damaged status Not for loan Collection Withdrawn status Home library Current library Shelving location Date acquired Cost, normal purchase price
01/23/2023   TK7836 ELE 92003018932 80.00 01/23/2023 BOOKS   LCC     NFIC   MAIN MAIN GEN 01/23/2023 80.00